| 000 | 00850nam a22002177a 4500 | ||
|---|---|---|---|
| 003 | BD-DhUL | ||
| 005 | 20160828190106.0 | ||
| 008 | 160828s1983 b ||||| |||| 00| 0 b d | ||
| 040 |
_aBD-DhUL _cBD-DhUL |
||
| 082 |
_a903 _bFAI |
||
| 100 | 1 | _aকরিম, সরদার ফজলুল | |
| 245 | 1 | 0 |
_aইতিহাস কোষ : _cসরদার ফজলুল করিম, মুনতাসীর মামুন _bপ্রথম খন্ড / |
| 260 |
_aঢাকা : _bসমাজ নিরীক্ষণ কেন্দ্র, _cc ১৯৮৩ |
||
| 300 |
_a১১৩ পৃঃ : _c২২ সেমি. |
||
| 365 |
_aBDT _b35.00 |
||
| 500 | _aনির্ঘন্ট সংবলিত | ||
| 650 | 0 | _aইতিহাস | |
| 650 | 0 | _aHistory | |
| 700 | 1 | _aমামুন, মুনতাসীর | |
| 942 |
_2ddc _cBK |
||
| 999 |
_c101997 _d101997 |
||